Statistics for Every Boston song that hit the Billboard hot 100

Click here to take the quiz!

General Stats

  • This quiz has been taken 28 times
  • The average score is 5 of 10

Answer Stats

Peak Chart PositionYearSong% Correct
51976More Than A Feeling
96%
11986Amanda
87%
41978Don't Look Back
74%
381977Peace Of Mind
65%
221977Long Time
52%
91987We're Ready
39%
311979A Man I'll Never Be
35%
201987Can'tcha Say (You Believe In Me)/Still In Love
22%
461979Feelin' Satisfied
13%
511994I Need Your Love
9%

Score Distribution

Percentile by Number Answered

Percent of People with Each Score

Your Score History

You have not taken this quiz